000 00718nam a2200205Ii 4500
003 JO-AjNU
008 230605s9999||||xx |||||||||||||| ||und||
040 _aJO-AjNU
_bara
_erda
_cJO-AjNU
041 _aara
050 1 4 _aAG195.L3712.1993
100 3 _aليوكيم،اركادي ، عيسى،خالد اسعد/ترجمة ,
_eauthor
_919902
245 0 0 _aاخبرني لماذا
250 _aط1
264 3 1 _aدمشق-القاهرة:دار الكتاب العربي ،1993
300 _a 519ص
_bصور توضيحية
336 _atext
_btxt
_2rdacontent
337 _aunmediated
_bn
_2rdamedia
338 _avolume
_bnc
_2rdacarrier
650 4 _aالمعارف العامة -اختبارات- أسئلة
_919903
999 _aA6651
_c10219
_d10219